Chambers twentieth century dictionary (Record no. 4477)

MARC details
000 -LEADER
fixed length control field 00481nam a2200169Ia 4500
003 - CONTROL NUMBER IDENTIFIER
control field IN-BaIIA
008 - FIXED-LENGTH DATA ELEMENTS--GENERAL INFORMATION
fixed length control field 211028s9999 xx 000 0 eng d
040 ## - CATALOGING SOURCE
Transcribing agency IIA Library
080 ## - UNIVERSAL DECIMAL CLASSIFICATION NUMBER
Universal Decimal Classification number (038)''19''
Item number CHA
245 #0 - TITLE STATEMENT
Title Chambers twentieth century dictionary
Statement of responsibility, etc. edited by A. M. Macdonald
260 ## - PUBLICATION, DISTRIBUTION, ETC.
Place of publication, distribution, etc. Bombay
Name of publisher, distributor, etc. Allied Publishers
Date of publication, distribution, etc. 1973
300 ## - PHYSICAL DESCRIPTION
Extent xii, 1651p.
650 ## - SUBJECT ADDED ENTRY--TOPICAL TERM
Topical term or geographic name entry element English Dictionary
9 (RLIN) 7816
650 ## - SUBJECT ADDED ENTRY--TOPICAL TERM
Topical term or geographic name entry element Languages
9 (RLIN) 7817
700 ## - ADDED ENTRY--PERSONAL NAME
Personal name Macdonald, A. M., ed.
9 (RLIN) 7818
942 ## - ADDED ENTRY ELEMENTS (KOHA)
Koha item type Books
Holdings
Withdrawn status Lost status Damaged status Not for loan Home library Current library Shelving location Date acquired Cost, normal purchase price Total Checkouts Full call number Barcode Date last seen Cost, replacement price Price effective from Koha item type Purchase Price
        IIA Library-Bangalore IIA Library-Bangalore General Stacks 13/08/1974 22.50   (038)''19''/ CHA 4999 05/11/2021 22.50 13/08/1974 Books Rs. 22.50

Powered by Koha